000 00334nam a2200133 i 4500
001 bg
100 1 _aKONDERLA, Piotr
245 0 _aMechanika ciała odkształconego o narastającej masie /
_cP. Konderla.
260 _aWrocław,
_c1986.
040 _cBPK
041 _apol
942 _cKS
008 s pl f |000 0 pol
999 _c23236
_d23236
856 _uhttp://koha.tu.koszalin.pl/cgi-bin/koha/opac-detail.pl?biblionumber=23236
_yKatalog online BPK